[Event "Box Hill Rainbow-ch"]
[Site "Box Hill"]
[Date "2000.06.06"]
[Round "5.7"]
[White "Neymanis, Eric"]
[Black "Hartland, Gerrit"]
[Result "1/2-1/2"]
[WhiteElo "1499"]
[BlackElo "1572"]
[PlyCount "116"]
[EventDate "2000.??.??"]
[EventType "swiss"]
[EventRounds "6"]
[EventCountry "AUS"]
[SourceTitle "EXT 2003"]
[Source "ChessBase"]
[SourceDate "2002.11.25"]
[SourceVersion "1"]
[SourceVersionDate "2002.11.25"]
[SourceQuality "1"]

1. d4 Nf6 2. c4 e6 3. Nc3 Bb4 4. a3 Bxc3+ 5. bxc3 d5 6. cxd5 exd5 7. e3 0-0 8. c4 c6 9. cxd5 cxd5 10. Be2 Nc6 11. Nf3 Bf5 12. 0-0 Rc8 13. Bd3 Bxd3 14. Qxd3 Ne4 15. Nd2 Re8 16. Nxe4 Rxe4 17. f3 Re8 18. Bd2 Rc7 19. Rac1 Rce7 20. Rb1 Qd7 21. f4 Re4 22. Rf3 b6 23. Rbf1 f5 24. Rg3 Qf7 25. Qb5 Qe6 26. Qa6 Re7 27. Qb5 Nb8 28. Rc1 a6 29. Qb3 b5 30. a4 Rb7 31. Rc5 Kf7 32. axb5 Rxb5 33. Rxb5 axb5 34. Qxb5 Nd7 35. Kf2 Nb6 36. Qc5 Nd7 37. Qc7 Qe7 38. Qb7 Qe6 39. Qc8 Nb6 40. Qh8 Qh6 41. Rh3 Qg6 42. Qxh7 Nc4 43. Qxg6+ Kxg6 44. Rg3+ Kf6 45. Bc1 Re8 46. h4 Nd6 47. Rh3 Rc8 48. Rh1 Ne4+ 49. Kf3 Rc2 50. Rf1 Kg6 51. g4 fxg4+ 52. Kxg4 Rg2+ 53. Kh3 Rg3+ 54. Kh2 Kh5 55. Rg1 Rxg1 56. Kxg1 Kxh4 57. Kg2 Kg4 58. Ba3 g6 1/2-1/2

[Event "Box Hill Rainbow-ch"]
[Site "Box Hill"]
[Date "2000.05.30"]
[Round "4.8"]
[White "Gunawan, Andy"]
[Black "Hartland, Gerrit"]
[Result "1/2-1/2"]
[WhiteElo "1472"]
[BlackElo "1572"]
[PlyCount "57"]
[EventDate "2000.??.??"]
[EventType "swiss"]
[EventRounds "6"]
[EventCountry "AUS"]
[SourceTitle "EXT 2003"]
[Source "ChessBase"]
[SourceDate "2002.11.25"]
[SourceVersion "1"]
[SourceVersionDate "2002.11.25"]
[SourceQuality "1"]

1. d4 Nf6 2. c4 e6 3. Nc3 Bb4 4. Bd2 0-0 5. a3 Bxc3 6. Bxc3 c5 7. Nf3 Nc6 8. Qd3 d5 9. g3 Ne4 10. Rd1 Nxc3 11. Qxc3 b6 12. Bg2 Bb7 13. 0-0 Qf6 14. cxd5 exd5 15. dxc5 Qxc3 16. bxc3 Ne7 17. Ne5 Rfd8 18. c6 Nxc6 19. Nxc6 Bxc6 20. c4 Rd6 21. cxd5 Bxd5 22. Rfe1 Rad8 23. e4 Bc4 24. Rb1 f6 25. f4 Bd3 26. Rb3 Bc4 27. Rc3 b5 28. e5 fxe5 29. Rxe5 1/2-1/2

[Event "Box Hill Rainbow-ch"]
[Site "Box Hill"]
[Date "2000.05.09"]
[Round "2.7"]
[White "Hartland, Gerrit"]
[Black "Neymanis, Eric"]
[Result "1/2-1/2"]
[WhiteElo "1572"]
[BlackElo "1499"]
[PlyCount "72"]
[EventDate "2000.??.??"]
[EventType "swiss"]
[EventRounds "6"]
[EventCountry "AUS"]
[SourceTitle "EXT 2003"]
[Source "ChessBase"]
[SourceDate "2002.11.25"]
[SourceVersion "1"]
[SourceVersionDate "2002.11.25"]
[SourceQuality "1"]

1. e4 e6 2. d4 c6 3. Nf3 d6 4. c4 Nd7 5. Nc3 Be7 6. Bd3 e5 7. dxe5 dxe5 8. 0-0 Ngf6 9. Be3 b6 10. Qc2 Qc7 11. Rfe1 Nc5 12. Bxc5 Bxc5 13. Rad1 Ng4 14. Rd2 0-0 15. h3 Nf6 16. Na4 Bb4 17. Nc3 h6 18. a3 Be7 19. Be2 Nh5 20. Nh2 Nf4 21. Bg4 Bg5 22. Rdd1 Bxg4 23. hxg4 Be7 24. Ne2 Ne6 25. Nf3 a5 26. Rd2 Rfd8 27. Red1 Rxd2 28. Rxd2 Ng5 29. Nxg5 Bxg5 30. Rd3 Qc8 31. f3 Be7 32. Ng3 Bc5+ 33. Kf1 Qe6 34. Nf5 Kh7 35. Qc1 Qf6 36. Qd2 Kg8 1/2-1/2